000 00356 a2200169 4500
001 174326
020 _a978-85-262-5127-4
040 _cMagnum
100 _aSiguemoto, Regina
240 1 0 _aAi, que medo!!!
_lpor
245 1 0 _aAi, que medo!!!
300 _a16
362 0 _a2008
440 1 _aScipione
697 _aLITERATURA INFANTIL
942 _cBK
999 _c174326
_d174326